Devine le film à la critique Letterboxd - Statistiques

Statistiques générales
  • Ce quiz a été pris 104 fois
  • Le résultat moyen est 9 sur 18
Statistiques - réponses
Critique Letterboxd Film % Correct
Irréaliste. Les voitures n'ont pas de bouche. Cars
96%
Les nains lavent tous leurs c*uilles dans une auge à cochons, puis y noient Grincheux. Blanche Neige et les 7 nains
92%
Ce film m'a donné envie de me mettre une lampe magique dans le c*l, puis de la faire fonctionner pour que le génie puisse être invoqué à l'intérieur de moi et me faire exploser à cause de la croissance rapide et de la pression. Aladdin
91%
Un Don Juan raciste qui peut voler, enlever des enfants, couper la main d'un pirate et qui a une relation toxique avec une fée. Peter Pan
89%
J'essaie toujours de comprendre comment l'âne et le dragon ont pu avoir des relations sexuelles. Shrek
85%
Tout le film parle du pouvoir de l'amitié et de la famille et à la fin, _____ quitte ses amis pour une jeune fille qu'il vient de rencontrer ! Et toutes ces promesses à propos de vivre dans la jungle. IL EN FAUT PEU POUR ETRE HEUREUX B*RDEL. bonne nuit Le Livre de la Jungle
80%
nettoie mes chiottes robot de merde Wall-E
59%
Une histoire qui parle de mort, de meurtre, de perte, de deuil, de vieillissement, de démence, de squelettes vivants et de pères défaillants. Vous savez, un film pour enfants. Coco
56%
Je sais que la suite vient de sortir, mais ce que j'attends vraiment avec impatience, c'est le troisième volet où les parents de Riley divorcent et où je sors avec son père. Vice-Versa
53%
Qui tue les rats avec un pistolet, bordel ? Ratatouille
47%
On m'a dit que je ressemblais à Pascal, alors je suis rentré chez moi et j'ai pleuré. Raiponce
35%
Passer d'un système d'exploitation des cris d'enfants à un système d'exploitation des rires d'enfants ne fait pas de vous des gentils. Vous exploitez toujours le travail des enfants. Le capitalisme éthique n'existe pas. Monstres & Cie
30%
Il est tout à fait approprié que l'oiseau méchant dans ce film ressemble à Donald Trump. Rio
23%
île aux chiens Là-haut
16%
Alors maintenant, nous acceptons tous l'impérialisme simplement parce qu'il est dirigé par des chats sexy ? D'accord. Le Roi Lion
14%
Cette s*lope ne vole même pas avant les cinq dernières minutes du film. Trop occupé à se saouler avec son ami souris. Dumbo
11%
Ce film, c'est comme prendre de l'acide périmé. Alice au Pays des Merveilles
5%
Vous riez !! Chanter a tué sa grand-mère, et vous riez !!! Les Trolls
3%
Aucun quiz correspondant
Distribution des résultats
% des personnes avec chaque résultat
Percentile par nombre de réponses
Votre historique - résultats
Vous n’avez pas pris ce quiz